Capitals of Europe - Statistics

General Stats
  • This quiz has been taken 32 times
  • The average score is 36 of 45
Answers on the Map
Answers color-coded by a green-red scale on the quiz's map according to % correct below.
 
Answer Stats
Country Capital % Correct
Germany Berlin
100%
United Kingdom London
100%
France Paris
100%
Ukraine Kiev
96%
Spain Madrid
96%
Russia Moscow
96%
Ireland Dublin
92%
Monaco Monaco
92%
Italy Rome
92%
Poland Warsaw
92%
Netherlands Amsterdam
88%
Greece Athens
88%
Finland Helsinki
88%
Portugal Lisbon
88%
Sweden Stockholm
88%
Belgium Brussels
83%
Norway Oslo
83%
Czech Republic Prague
83%
Iceland Reykjavík
83%
Estonia Tallinn
83%
Vatican City Vatican City
83%
Hungary Budapest
79%
Denmark Copenhagen
79%
Luxembourg Luxembourg
79%
Latvia Riga
79%
Bulgaria Sofia
79%
Austria Vienna
79%
Switzerland Bern
75%
Romania Bucharest
75%
San Marino San Marino
75%
Bosnia and Herzegovina Sarajevo
75%
Lithuania Vilnius
75%
Andorra Andorra la Vella
71%
Slovakia Bratislava
71%
Belarus Minsk
71%
North Macedonia Skopje
71%
Croatia Zagreb
71%
Serbia Belgrade
67%
Slovenia Ljubljana
67%
Albania Tirana
67%
Liechtenstein Vaduz
67%
Malta Valletta
67%
Moldova Chișinău
63%
Kosovo Pristina
63%
Montenegro Podgorica
54%
No matching quizzes found
Score Distribution
Percent of People with Each Score
Percentile by Number Answered
Your Score History
You have not taken this quiz